000 00613nam a2200205Ia 4500
005 20250923145950.0
008 008 250917s9999 xx 000 0 eng d
037 _aTextual
040 _aDSWL
_beng
_cDSWL
041 _aeng
_2eng
084 _aX:97D.281' N97tu, N97
_qDSWL
100 _aSrivastava, V.
_9840810
245 0 _aRole of Unions in Empowering Women at Their Work Place
_c by V. Srivastava
260 _aDelhi
_b Dipartment of D.S.W.
_c1997
300 _a170 p.
365 _bGift
925 _gGift
942 _cTEXL
_hX:97D.281' N97tu, N97
999 _c1457913
_d1457913